Inorganic nutrition fertilisation and soil amelioration for lowland rice / (Record no. 5030)

MARC details
000 -LEADER
fixed length control field 00602nam a22002177a 4500
001 - CONTROL NUMBER
control field BD-DhSAU 5030
003 - CONTROL NUMBER IDENTIFIER
control field BD-DhSAU
005 - DATE AND TIME OF LATEST TRANSACTION
control field 20150410114652.0
008 - FIXED-LENGTH DATA ELEMENTS--GENERAL INFORMATION
fixed length control field 150410b1956 ja a||||r|||| 001 0 eng d
040 ## - CATALOGING SOURCE
Original cataloging agency BD-DhSAU
082 ## - DEWEY DECIMAL CLASSIFICATION NUMBER
Edition number 22
Classification number 631.8318
Item number AGH
100 ## - MAIN ENTRY--PERSONAL NAME
Personal name Mitsui, Shingo
245 ## - TITLE STATEMENT
Title Inorganic nutrition fertilisation and soil amelioration for lowland rice /
Statement of responsibility, etc. by Shingo Mitsui
260 ## - PUBLICATION, DISTRIBUTION, ETC. (IMPRINT)
Place of publication, distribution, etc. Tokyo :
Name of publisher, distributor, etc. Yokendo Ltd.,
Date of publication, distribution, etc. c1956.
300 ## - PHYSICAL DESCRIPTION
Extent 107 p. :
Other physical details ill. ;
Dimensions 22 cm.
504 ## - BIBLIOGRAPHY, ETC. NOTE
Bibliography, etc Includes index.
590 ## - Name of Cataloguer
Name of Cataloger joy
650 ## - SUBJECT ADDED ENTRY--TOPICAL TERM
Topical term or geographic name as entry element Fertilizers.
650 ## - SUBJECT ADDED ENTRY--TOPICAL TERM
Topical term or geographic name as entry element Rice.
650 ## - SUBJECT ADDED ENTRY--TOPICAL TERM
Topical term or geographic name as entry element Rice.
Geographic subdivision Japan.
942 ## - ADDED ENTRY ELEMENTS (KOHA)
Source of classification or shelving scheme Dewey Decimal Classification
Koha item type Book
Holdings
Withdrawn status Lost status Source of classification or shelving scheme Damaged status Not for loan Collection code Home library Branch Name Shelving location Date acquired Total Checkouts Full call number Barcode Date last seen Price effective from Koha item type
    Dewey Decimal Classification   Not For Loan Reference SAU Library SAU Library Reference 12/08/2003   631.8318 AGH 30853 10/04/2015 10/04/2015 Book